Polyphia Discography (as of RTYWD) - Statistics

General Stats
  • This quiz has been taken 100 times
  • The average score is 36 of 60
Answer Stats
Hint Answer % Correct
New Levels New Devils (2018) G.O.A.T
97%
Remember That You Will Die (2022) Playing God
94%
Remember That You Will Die (2022) ABC
88%
The Most Hated (2017) 40oz
85%
Remember That You Will Die (2022) Ego Death
85%
Remember That You Will Die (2022) Genesis
85%
Remember That You Will Die (2022) Chimera
82%
The Most Hated (2017) The Worst
82%
Remember That You Will Die (2022) All Falls Apart
79%
Remember That You Will Die (2022) Bloodbath
79%
The Most Hated (2017) Goose
79%
New Levels New Devils (2018) O.D.
79%
New Levels New Devils (2018) Nasty
76%
Remember That You Will Die (2022) Neurotica
76%
New Levels New Devils (2018) Death Note
74%
Remember That You Will Die (2022) Memento Mori
74%
Remember That You Will Die (2022) Reverie
74%
Remember That You Will Die (2022) The Audacity
74%
Muse (2014) Champagne
71%
Remember That You Will Die (2022) Fuck Around And Find Out
71%
The Most Hated (2017) Icronic
71%
New Levels New Devils (2018) Rich Kids
71%
New Levels New Devils (2018) So Strange
71%
New Levels New Devils (2018) Drown
68%
New Levels New Devils (2018) Saucy
68%
New Levels New Devils (2018) Bad
65%
The Most Hated (2017) Loud
65%
New Levels New Devils (2018) Yas
65%
Muse (2014) Aviator
62%
Single (2019) Look But Don't Touch
62%
Renaissance (2016) Euphoria
59%
The Most Hated (2017) Crosty
56%
Single (2019) Inferno
56%
Muse (2014) 87
53%
Renaissance (2016) Crush
53%
Renaissance (2016) Culture Shock
53%
Muse (2014) Finale
53%
Renaissance (2016) Nightmare
53%
Inspire (2013) Inspire
50%
Muse (2014) James Franco
50%
Renaissance (2016) Light
50%
Muse (2014) Sweet Tea
50%
Muse (2014) The Jungle
50%
Renaissance (2016) Amour
47%
Renaissance (2016) Florence
47%
Single (2017) LIT
47%
Renaissance (2016) Ivory
44%
Renaissance (2016) Storm
44%
Renaissance (2016) Bittersweet
41%
Muse (2014) Memory
41%
Muse (2014) Hourglass
38%
Inspire (2013) Ignite
38%
Muse (2014) Mood Swing
38%
Inspire (2013) Transcend
38%
Muse (2014) Baditude
35%
Single (2013) Envision
35%
Inspire (2013) Impassion
35%
Renaissance (2016) Paradise
35%
Inspire (2013) Persevere
35%
Renaissance (2016) Symmetry
35%
No matching quizzes found
Score Distribution
Percent of People with Each Score
Percentile by Number Answered
Your Score History
You have not taken this quiz